Seis-Sigma : metodología y técnicas /

Gorde:
Xehetasun bibliografikoak
Egile nagusia: Escalante Vázquez, Edgardo J. (autor)
Formatua: Liburua
Hizkuntza:gaztelania
Argitaratua: México : Limusa, 2004, c2004
Gaiak:
Etiketak: Etiketa erantsi
Etiketarik gabe, Izan zaitez lehena erregistro honi etiketa jartzen!

MARC

LEADER 00000nam^a2200000^a^4500
001 000154734
005 20250521000000.0
009 20260310100404.868
020 |a 968-18-6391-7 
037 |a Acervo ITESO - Biblioteca 
041 |a ESP 
082 |a 658. 562  |b ESC 
100 |a Escalante Vázquez, Edgardo J.  |e (autor) 
245 1 0 |a Seis-Sigma :  |b metodología y técnicas /  |c E.J. Escalante Vázquez. 
264 4 |a México :  |b Limusa,  |c 2004, c2004 
300 |a 435 p. 
336 |a texto  |b txt  |2 rdacontenido 
337 |a sin mediación  |b n  |2 rdamedio 
338 |a volumen  |b nc  |2 rdasoporte 
649 |a XX 
650 |a Control Estadístico de Calidad -  |x Metodología 
650 |a Control de Calidad -  |x Metodología 
650 |a Optimización 
650 |a Proceso de Producción 
650 |a Administración del Producto 
650 |a Proceso Administrativo 
650 |a Medición 
650 |a Variables (Matemáticas) 
650 |a Estadística 
650 |a Metodología 
650 |a Ingeniería Industrial 
650 |a Empresas -  |x Administración 
650 |a Ciencias Administrativas 
910 |a Fondo General 
920 |a Impresos - Libros 
930 |a Colección General 
905 |a 101 
901 |a 0500086286  |b IT1  |c ACC  |u 20250521 
901 |a 0500102574  |b IT1  |c ACC  |u 20250521 
902 |a https://opac.biblio.iteso.mx/vufind/Record/000154734